Tilastot visalle Kelttiläiset maat

Klikkaa tästä pelataksesi tätä visaa!

Yleistilastot

  • Tätä visaa on pelattu 105 kertaa
  • Keskiarvotulos 4 / 6

Vastaustilastot

Kelttiläinen nimiSuomenkielinen nimi% Oikein
ÉireIrlanti
97%
CymruWales
88%
AlbaSkotlanti
86%
BreizhBretagne
40%
ManninMansaari
35%
KernowCornwall
29%

Tulosjakauma

Persentiili vastausten määrän mukaan

Jokaisen tuloksen saaneiden osuus

Tuloshistoriasi

Et ole pelannut tätä visaa